All Countries of the World by Forest Area - Statistics

General Stats
  • This quiz has been taken 899 times
  • The average score is 57 of 196
Answers on the Map
Answers color-coded by a green-red scale on the quiz's map according to % correct below.
 
Answer Stats
Hint % Answer % Correct
1 S 94.50% Suriname
92%
2 G 93.50% Guyana
91%
3 F 92.10% Federated States of Micronesia
73%
5 P 90.40% Palau
73%
10 F 73.70% Finland
71%
4 G 91.20% Gabon
70%
7 E 86.70% Equatorial Guinea
64%
18 J 68.40% Japan
64%
8 P 79.00% Papua New Guinea
62%
6 S 90.10% Solomon Islands
60%
28 Z 59.80% Zambia
59%
9 L 78.50% Liberia
58%
194 O 0.00% Oman
56%
195 Q 0.00% Qatar
56%
15 L 71.60% Laos
55%
196 V 0.00% Vatican City
54%
36 J 55.80% Jamaica
53%
43 V 52.30% Venezuela
53%
21 D 63.80% Dominica
51%
19 R 64.20% Republic of the Congo
51%
56 Z 44.90% Zimbabwe
51%
13 B 72.10% Brunei
50%
22 F 63.10% Fiji
50%
29 B 59.10% Brazil
49%
193 N 0.00% Nauru
49%
16 G 69.80% Guinea-Bissau
48%
53 V 47.20% Vietnam
48%
33 H 56.50% Honduras
47%
17 S 68.70% Sweden
47%
14 B 71.60% Bhutan
46%
181 Y 1.00% Yemen
46%
39 D 54.70% Democratic Republic of the Congo
45%
35 P 56.20% Peru
45%
49 R 49.80% Russia
45%
51 I 48.00% Indonesia
44%
187 K 0.40% Kuwait
44%
192 M 0.00% Monaco
44%
11 S 73.30% Seychelles
44%
188 D 0.30% Djibouti
43%
179 J 1.10% Jordan
43%
190 L 0.10% Libya
43%
23 E 61.80% East Timor
42%
191 E 0.00% Egypt
42%
34 P 56.50% Panama
42%
12 S 73.20% Saint Vincent and the Grenadines
41%
185 I 0.50% Iceland
40%
182 B 0.90% Bahrain
39%
32 E 57.10% Estonia
39%
40 C 52.90% Colombia
38%
189 M 0.30% Mauritania
38%
186 S 0.50% Saudi Arabia
38%
169 U 4.50% United Arab Emirates
38%
48 E 49.80% Ecuador
37%
184 N 0.80% Niger
37%
38 L 54.90% Latvia
36%
77 V 36.30% Vanuatu
36%
183 A 0.80% Algeria
35%
27 C 60.10% Costa Rica
35%
57 D 44.80% Dominican Republic
35%
160 U 8.50% Uzbekistan
34%
42 A 52.50% Angola
33%
54 B 46.50% Bolivia
33%
164 I 6.60% Iran
33%
175 I 1.90% Iraq
33%
90 U 33.90% United States
33%
37 B 55.00% Belize
32%
141 H 12.40% Haiti
32%
58 K 44.70% Kosovo
32%
72 C 39.50% Canada
31%
170 C 3.20% Chad
31%
99 F 31.80% France
31%
178 K 1.30% Kazakhstan
31%
163 K 7.00% Kyrgyzstan
31%
30 M 57.90% Malaysia
31%
26 T 60.70% Taiwan
31%
139 U 13.30% United Kingdom
31%
20 S 64.20% South Korea
30%
132 D 15.80% Denmark
29%
159 E 8.70% Eritrea
29%
176 K 1.50% Kiribati
29%
165 I 6.50% Israel
28%
168 T 4.50% Tunisia
28%
174 A 1.90% Afghanistan
27%
148 R 11.30% Rwanda
27%
25 S 61.30% Slovenia
27%
47 T 50.60% Tanzania
27%
60 C 43.90% Cambodia
26%
45 G 52.10% Grenada
26%
166 K 6.30% Kenya
26%
167 P 4.70% Pakistan
26%
41 S 52.80% Sao Tome and Principe
26%
155 S 9.60% Sudan
26%
158 T 8.80% Turkmenistan
26%
150 U 11.20% Uganda
26%
144 U 11.80% Uruguay
26%
133 E 15.00% Ethiopia
25%
153 M 10.90% Mali
25%
50 N 49.70% North Korea
25%
172 S 2.80% Syria
25%
52 A 47.20% Austria
24%
94 G 32.70% Germany
24%
147 I 11.50% Ireland
24%
24 M 61.50% Montenegro
24%
55 M 46.10% Mozambique
24%
73 P 39.30% Paraguay
24%
156 S 9.30% Somalia
24%
171 T 3.10% Tajikistan
24%
131 U 16.70% Ukraine
24%
96 I 32.70% Italy
23%
67 N 41.60% Nepal
23%
31 S 57.80% Samoa
23%
74 T 38.80% Thailand
23%
154 A 10.40% Argentina
22%
61 B 43.30% Belarus
22%
62 C 42.80% Cameroon
22%
120 H 22.50% Hungary
22%
113 I 24.40% India
22%
180 L 1.10% Lesotho
22%
44 M 52.20% Marshall Islands
22%
157 M 9.10% Mongolia
22%
63 M 42.80% Myanmar
22%
162 N 7.90% Namibia
22%
103 R 30.10% Romania
22%
59 T 44.30% Trinidad and Tobago
22%
128 A 17.40% Australia
21%
46 B 50.90% Bahamas
21%
66 L 41.90% Liechtenstein
21%
177 M 1.40% Malta
21%
78 P 36.20% Portugal
21%
69 G 40.60% Georgia
20%
75 N 37.70% New Zealand
20%
173 M 2.70% Maldives
19%
91 M 33.70% Mexico
19%
140 M 12.90% Morocco
19%
101 P 31.10% Poland
19%
64 B 42.70% Bosnia and Herzegovina
18%
95 G 32.70% Guatemala
18%
82 L 35.20% Lithuania
18%
92 N 33.50% Norway
18%
65 S 42.30% Saint Kitts and Nevis
18%
76 S 37.20% Spain
18%
115 C 23.80% China
17%
161 I 8.20% Ivory Coast
17%
70 S 40.10% Slovakia
17%
149 S 11.30% South Sudan
17%
152 B 10.90% Burundi
16%
112 C 24.80% Chile
16%
81 G 35.20% Ghana
16%
102 G 30.30% Greece
16%
136 L 14.10% Lebanon
16%
151 N 11.00% Netherlands
16%
71 N 39.70% North Macedonia
16%
114 P 24.30% Philippines
16%
68 S 41.50% Senegal
16%
104 T 29.30% Turkey
16%
145 A 11.50% Armenia
15%
137 A 14.00% Azerbaijan
15%
80 C 35.70% Central African Republic
15%
107 E 27.70% El Salvador
15%
135 B 14.50% Bangladesh
14%
110 B 26.50% Botswana
14%
79 B 36.10% Bulgaria
14%
84 C 34.70% Czech Republic
14%
86 L 34.50% Luxembourg
14%
88 A 34.00% Andorra
13%
119 B 22.60% Belgium
13%
83 C 34.70% Croatia
13%
123 M 21.30% Madagascar
13%
116 N 23.40% Nigeria
13%
109 N 26.70% Nicaragua
12%
85 S 34.60% Sierra Leone
12%
138 S 14.00% South Africa
12%
87 S 34.10% Sri Lanka
12%
134 B 14.70% Barbados
11%
108 B 26.90% Benin
11%
121 B 22.40% Burkina Faso
11%
146 C 11.50% Cape Verde
11%
100 C 31.20% Cuba
11%
105 E 29.10% Eswatini
11%
111 G 24.90% Guinea
11%
89 S 34.00% Saint Lucia
11%
98 S 32.30% Switzerland
11%
142 T 12.40% Tonga
11%
106 A 28.80% Albania
10%
127 A 18.20% Antigua and Barbuda
10%
125 M 19.50% Mauritius
10%
97 S 32.40% Serbia
10%
124 S 21.20% Singapore
10%
122 T 22.10% Togo
10%
93 T 33.30% Tuvalu
10%
129 C 17.20% Comoros
9%
118 G 22.80% Gambia
9%
117 M 22.90% Malawi
9%
126 C 18.70% Cyprus
8%
143 M 11.80% Moldova
7%
130 S 16.70% San Marino
7%
No matching quizzes found
Score Distribution
Percent of People with Each Score
Percentile by Number Answered
Your Score History
You have not taken this quiz